000 00718nam a2200181 i 4500
001 189703
003 ES-MaACL
005 20230906223533.0
008 190909s1961 sp |||| | spa d
245 0 0 _aDocumentos para la historia eclesiástica y civil de Texas, o Nuevas Philipinas, 1720-1779.
260 _aMadrid :
_bJosé Porrúa Turanzas,
_c1961.
300 _aXI, 463 p., 1 h., 1 h. de planos pleg. ;
_c25 cm.
490 1 _aColección Chimalistac de libros y documentos acerca de la Nueva España ;
_v12
651 4 _aTexas-
_xHistoria.
_99437
830 0 _aColección Chimalistac de libros y documentos acerca de la Nueva España ;
_v12
_9182539
852 _aES-MaACL
_jP-798-10
999 _c189703
_d189703